02168cam a22004934i 4500003000900000005001700009008004100026020003800067035002700105040003300132049000900165082001900174100004200193245009000235264007700325300004500402336002100447337002500468338002300493490007200516504005800588504004300646505019900689526001000888526001000898526001000908526001000918526000800928526000800936526000800944526000800952526000800960526000800968526000800976650001100984910002800995942001401023949018501037994001401222596000601236999020901242980005501451952016801506PE-LiUPU20250731172831.0150821s2014 miu r 001 0 eng d a9780802869845q(pbk.: alk, paper) a(Sirsi) i9780802869845 aPE-LiUPUbspadPE-LiUPUerda aPRUA04a248.3bZ822231 aZimmerman, Joyce Ann,d1945-,eautor.10aWorship with gladness :bunderstanding worship from the heart /cJoyce Ann Zimmerman. 1aGrand Rapids, Michigan :bWilliam B. Eerdmans Publishing Company,c2014. axvii, 163 páginas ;c23 centímetros. atext2rdacontent aunmediated2rdamedia avolume2rdacarrier0 aThe Calvin Institute of Christian Worship liturgical studies series aÍndice de referencia bíblica : páginas 159-163. aÍndice de temas : páginas 156-158.0 aWorship: Withering or greening? -- God's word: A primer on worship? -- Who we are before God: "do you not know...?" -- Being together before God: Is worship marking a difference in how we live?. aSEG42 aSEG41 aSEG40 aSEG39 aP94 aP87 aP86 aP85 aP77 aP76 aP35 4aCulto. aaasbjckcaasd20150821 2ddccBOOK aPGT 248.3 Z82wDEWEYc1i71746lCCODEBUL1mBULp23.26r0sYtBOOKu2015-8-21xTEOLOGIAPP850COMPRAo.CIRCNOTE. No olvidar cambiar la fecha de devolución!!!!!!!o.STAFF. Posgrado aC0bPEPRU a1 aPGT 248.3 Z82wDEWEYc6796i71746f2021-11-10g5lCCODEBUL1mBULp23.26r0sYtBOOKu2015-8-21xTEOLOGIAPP850COMPRAo.CIRCNOTE. No olvidar cambiar la fecha de devolución!!!!!!!o.STAFF. Posgradod6796 81gALBERTO SANCHEZ Responsable de Automatización r2025-12-03 00:00:00i6l0o248.3 Z82p71746te1v28.26w2015-08-21xPGyBKzinventario-2023-12-13102ddc50708GENfP85aBULbBULcGENd2015-08-21eCOMPRAg23.26